书目信息 |
| 题名: |
初级会计实务通关题库
|
|
| 作者: | ;财政部中财传媒组 , 全国会计资格考试辅导用书编写组 编 | |
| 分册: | ||
| 出版信息: | 北京 经济科学出版社 2017 |
|
| 页数: | 248页 | |
| 开本: | 26cm | |
| 丛书名: | 中财传媒版2018年度全国会计专业技术资格考试辅导系列丛书 | |
| 单 册: | ||
| 中图分类: | F233-44 | |
| 科图分类: | ||
| 主题词: | 会计实务--资格考试--题库 | |
| 电子资源: | ||
| ISBN: | 978-7-5141-8656-7 | |
| 000 | 01086oam2 2200265 450 | |
| 001 | 012001005729 | |
| 005 | 20080820084223.0 | |
| 010 | @a978-7-5141-8656-7@dCNY48.00 | |
| 100 | @a20180217d2017 em y0chiy50 ea | |
| 101 | 0 | @achi |
| 102 | @aCN@b110000 | |
| 105 | @ay q 000yy | |
| 106 | @ar | |
| 200 | 1 | @a初级会计实务通关题库@9chu ji kuai ji shi wu tong guan ti ku@f财政部中财传媒,全国会计资格考试辅导用书编写组编 |
| 210 | @a北京@c经济科学出版社@d2017 | |
| 215 | @a248页@d26cm | |
| 225 | 1 | @a中财传媒版2018年度全国会计专业技术资格考试辅导系列丛书 |
| 330 | @a本书分为八章,内容包括:会计概述、资产、负债、所有者权益、收入·费用和利润、财务报表、管理会计基础、政府会计基础。 | |
| 461 | 0 | @12001 @a中财传媒版2018年度全国会计专业技术资格考试辅导系列丛书 |
| 606 | 0 | @a会计实务@x资格考试@j题库 |
| 690 | @aF233-44@v5 | |
| 711 | 02 | @a财政部中财传媒组@9cai zheng bu zhong cai chuan mei zu@4编 |
| 711 | 02 | @a全国会计资格考试辅导用书编写组@9quan guo kuai ji zi ge kao shi fu dao yong shu bian xie zu@4编 |
| 801 | 0 | @aCN@b上海新华@c20180901 |
| 905 | @b1167696-700@dF233-44@e591@f5 | |
| 初级会计实务通关题库/财政部中财传媒,全国会计资格考试辅导用书编写组编.-北京:经济科学出版社,2017 |
| 248页;26cm.-(中财传媒版2018年度全国会计专业技术资格考试辅导系列丛书) |
| ISBN 978-7-5141-8656-7:CNY48.00 |
| 本书分为八章,内容包括:会计概述、资产、负债、所有者权益、收入·费用和利润、财务报表、管理会计基础、政府会计基础。 |
| ● |
| 相关链接 |
|
|
|
|
正题名:初级会计实务通关题库
索取号:F233-44/591
 
预约/预借
| 序号 | 登录号 | 条形码 | 馆藏地/架位号 | 状态 | 备注 |
| 1 | 1167696 | 211676961 | 第一样本阅览室/ [索取号:F233-44/591] | 在馆 | |
| 2 | 1167697 | 211676970 | 密集书库-海洋学院/ [索取号:F233-44/591] | 在馆 | |
| 3 | 1167698 | 211676989 | 第一借阅区/ [索取号:F233-44/591] | 在馆 | |
| 4 | 1167699 | 211676998 | 第一借阅区/ [索取号:F233-44/591] | 在馆 | |
| 5 | 1167700 | 211677005 | 第一借阅区/ [索取号:F233-44/591] | 在馆 |